iCarly theme song quiz - Statistics

General Stats
  • This quiz has been taken 133 times
  • The average score is 16 of 37
Answer Stats
Hint Answer % Correct
And be so _________ wonderful
95%
I know you ___ see
94%
and feel so ________ wonderful
91%
Somehow the world will ______ for me change
89%
____ life, breathe air Live
88%
I know _______ we’re gonna get there somehow
83%
The brighter side of every _________, some things are meant to be situation
57%
I’m _______ you just how I feel telling
57%
So wake up the _______ of my nation, it’s your time to be members
56%
There’s no ______ unless you take one and the time you see chance
52%
I will make you change your ____ mind
50%
So give me your ____ and leave the rest to me best
46%
_____ it all to me (_____ it all to me_ leave
40%
These things ______ all the time happen
39%
And it’s all ____ real
39%
And feel so _________ wonderful
38%
I ____ somehow it’s gonna be me know
37%
The brighter side of every _________, some things are meant to be situation
37%
And be so _________ wonderful
37%
There’s no ______ unless you take one and the time you see chance
36%
_____ it all to me, (_____ it all to me), _____ it all to me, just _____ it all to me leave
36%
So wake up the _______ of my nation, it’s your time to be members
35%
I’m telling you just ___ I feel how
34%
The brighter side of every _________, some things are meant to be situation
34%
There’s no ______ unless you take one and the time you see chance
32%
Wake up the _______ of my nation, it’s your time to be members
32%
So give me your ____ and leave the rest to me best
30%
So give me your ____ and leave the rest to me best
28%
And it’s all ____ real
25%
To raise the hand that _____ the line draws
20%
I know it’s ____ time
20%
There’s a _____ in everyone dream
18%
And see it _______ (you got to) through
18%
Show me what you can ______ become
17%
So make it _____ (make it alright) right
17%
______ sunshine Golden
15%
You know you won’t be ____ until you free
14%
No matching quizzes found
Score Distribution
Percent of People with Each Score
Percentile by Number Answered
Your Score History
You have not taken this quiz